000 00764nam a22002057a 4500
999 _c19483
_d19483
003 AR-CdUCM
008 190305b ||||| |||| 00| 0 spa d
040 _aMUNICIPALIDAD PROVINCIAL DEL CUSCO
_cBIBLIOTECA MUNICIPAL DEL CUSCO
082 _a398 /
_bI59
110 _aInstituto Nacional de Cultura Cusco
_99277
245 _aAndinidad (Tecnofolklore N°2)
260 _aCusco :
_bINC,
_c1998.
300 _a176 páginas ;
_c22 cm.
505 _aDel folklore a lo folklorico -- tradiciones de Yucay -- Las identidades locales -- El danzaq, en el pensamiento de las comunidades hidraulicas de Ayacucho...
650 _aCultura y Artesania
_99278
650 _aFolklore Cusqueño
_98693
650 _aCristo Cusqueño
_99279
942 _2ddc
_cLIBROS
945 _awfj